00461nam a22001457a 450000500170000000800410001702000150005804100120007308200120008510000120009724500930010926000570020230000310025965000250029020240809093519.0240809b |||||||| |||| 00| 0 eng d a0409016810 aEnglish a349 SOU lEnglish aButterworths Consolidated Index and Noter-Up to the South African Law Reports 1947-1995  aDurban: bButterworths Publishers (Pty) Ltd, c1996  bviii, 885 pages; c25 cm.  aLegal practice bLaw